000 00296nam a2200121Ia 4500
005 20260326100039.0
008 260326s9999||||xx |||||||||||||| ||und||
100 _aPressoir, Catts
245 0 _aHaiti /
_cCatts Pressoir
260 _bIntituto de Geografia e Historia
650 _aARTE
942 _cBK
999 _c6955
_d6955